All 898 Pokémon - Statistics

General Stats
  • This quiz has been taken 701 times
    498 since last reset
  • The average score is 285 of 898
Answer Stats
Pokédex Number Pokémon Species % Correct
1 Bulbasaur
84%
25 Pikachu
84%
4 Charmander
81%
6 Charizard
78%
7 Squirtle
77%
2 Ivysaur
73%
5 Charmeleon
72%
9 Blastoise
70%
151 Mew
69%
150 Mewtwo
68%
26 Raichu
67%
3 Venusaur
67%
8 Wartortle
67%
133 Eevee
64%
12 Butterfree
61%
172 Pichu
60%
15 Beedrill
59%
10 Caterpie
59%
13 Weedle
59%
136 Flareon
57%
11 Metapod
57%
134 Vaporeon
57%
92 Gastly
56%
14 Kakuna
56%
129 Magikarp
56%
94 Gengar
55%
135 Jolteon
55%
18 Pidgeot
55%
144 Articuno
54%
23 Ekans
54%
74 Geodude
54%
19 Rattata
54%
197 Umbreon
54%
24 Arbok
53%
149 Dragonite
53%
93 Haunter
53%
146 Moltres
53%
95 Onix
53%
16 Pidgey
53%
20 Raticate
53%
145 Zapdos
53%
65 Alakazam
52%
39 Jigglypuff
52%
52 Meowth
52%
21 Spearow
52%
255 Torchic
52%
37 Vulpix
52%
63 Abra
51%
196 Espeon
51%
22 Fearow
51%
470 Leafeon
51%
38 Ninetales
51%
17 Pidgeotto
51%
393 Piplup
51%
147 Dratini
50%
130 Gyarados
50%
64 Kadabra
50%
122 Mr. Mime
50%
143 Snorlax
50%
700 Sylveon
50%
252 Treecko
50%
257 Blaziken
49%
173 Cleffa
49%
148 Dragonair
49%
51 Dugtrio
49%
471 Glaceon
49%
76 Golem
49%
258 Mudkip
49%
34 Nidoking
49%
31 Nidoqueen
49%
41 Zubat
49%
152 Chikorita
48%
155 Cyndaquil
48%
50 Diglett
48%
132 Ditto
48%
75 Graveler
48%
58 Growlithe
48%
131 Lapras
48%
68 Machamp
48%
53 Persian
48%
77 Ponyta
48%
158 Totodile
48%
59 Arcanine
47%
390 Chimchar
47%
67 Machoke
47%
66 Machop
47%
126 Magmar
47%
29 | 32 Nidoran
47%
43 Oddish
47%
54 Psyduck
47%
78 Rapidash
47%
40 Wigglytuff
47%
153 Bayleef
46%
35 Clefairy
46%
42 Golbat
46%
250 Ho-oh
46%
392 Infernape
46%
725 Litten
46%
448 Lucario
46%
249 Lugia
46%
89 Muk
46%
30 Nidorina
46%
33 Nidorino
46%
384 Rayquaza
46%
27 Sandshrew
46%
123 Scyther
46%
726 Torracat
46%
387 Turtwig
46%
157 Typhlosion
46%
100 Voltorb
46%
69 Bellsprout
45%
36 Clefable
45%
101 Electrode
45%
44 Gloom
45%
107 Hitmonchan
45%
106 Hitmonlee
45%
56 Mankey
45%
722 Rowlet
45%
28 Sandslash
45%
495 Snivy
45%
208 Steelix
45%
493 Arceus
44%
113 Chansey
44%
483 Dialga
44%
125 Electabuzz
44%
88 Grimer
44%
383 Groudon
44%
124 Jynx
44%
109 Koffing
44%
81 Magnemite
44%
82 Magneton
44%
484 Palkia
44%
137 Porygon
44%
57 Primeape
44%
156 Quilava
44%
79 Slowpoke
44%
121 Starmie
44%
245 Suicune
44%
498 Tepig
44%
45 Vileplume
44%
110 Weezing
44%
256 Combusken
43%
239 Elekid
43%
395 Empoleon
43%
244 Entei
43%
118 Goldeen
43%
55 Golduck
43%
658 Greninja
43%
253 Grovyle
43%
382 Kyogre
43%
240 Magby
43%
154 Meganium
43%
112 Rhydon
43%
111 Rhyhorn
43%
254 Sceptile
43%
86 Seel
43%
120 Staryu
43%
389 Torterra
43%
104 Cubone
42%
160 Feraligatr
42%
445 Garchomp
42%
237 Hitmontop
42%
140 Kabuto
42%
391 Monferno
42%
501 Oshawott
42%
46 Paras
42%
378 Regice
42%
212 Scizor
42%
80 Slowbro
42%
142 Aerodactyl
41%
169 Crobat
41%
159 Croconaw
41%
83 Farfetch'd
41%
282 Gardevoir
41%
116 Horsea
41%
141 Kabutops
41%
105 Marowak
41%
259 Marshtomp
41%
47 Parasect
41%
243 Raikou
41%
377 Regirock
41%
447 Riolu
41%
117 Seadra
41%
260 Swampert
41%
128 Tauros
41%
72 Tentacool
41%
73 Tentacruel
41%
175 Togepi
41%
248 Tyranitar
41%
251 Celebi
40%
650 Chespin
40%
87 Dewgong
40%
388 Grotle
40%
99 Kingler
40%
98 Krabby
40%
108 Lickitung
40%
139 Omastar
40%
127 Pinsir
40%
60 Poliwag
40%
62 Poliwrath
40%
728 Popplio
40%
394 Prinplup
40%
280 Ralts
40%
379 Registeel
40%
119 Seaking
40%
199 Slowking
40%
70 Weepinbell
40%
502 Dewott
39%
85 Dodrio
39%
84 Doduo
39%
443 Gible
39%
810 Grookey
39%
163 Hoothoot
39%
174 Igglybuff
39%
385 Jirachi
39%
467 Magmortar
39%
439 Mime Jr.
39%
446 Munchlax
39%
138 Omanyte
39%
61 Poliwhirl
39%
813 Scorbunny
39%
49 Venomoth
39%
71 Victreebel
39%
265 Wurmple
39%
267 Beautifly
38%
268 Cascoon
38%
491 Darkrai
38%
500 Emboar
38%
653 Fennekin
38%
656 Froakie
38%
233 Porygon2
38%
503 Samurott
38%
176 Togetic
38%
815 Cinderace
37%
724 Decidueye
37%
386 Deoxys
37%
96 Drowzee
37%
466 Electivire
37%
330 Flygon
37%
162 Furret
37%
444 Gabite
37%
487 Giratina
37%
97 Hypno
37%
727 Incineroar
37%
115 Kangaskhan
37%
230 Kingdra
37%
281 Kirlia
37%
246 Larvitar
37%
380 Latias
37%
381 Latios
37%
462 Magnezone
37%
376 Metagross
37%
198 Murkrow
37%
499 Pignite
37%
474 Porygon-Z
37%
486 Regigigas
37%
643 Reshiram
37%
373 Salamence
37%
492 Shaymin
37%
90 Shellder
37%
266 Silcoon
37%
816 Sobble
37%
114 Tangela
37%
328 Trapinch
37%
48 Venonat
37%
644 Zekrom
37%
263 Zigzagoon
37%
399 Bidoof
36%
242 Blissey
36%
91 Cloyster
36%
103 Exeggutor
36%
475 Gallade
36%
375 Metang
36%
241 Miltank
36%
312 Minun
36%
164 Noctowl
36%
311 Plusle
36%
247 Pupitar
36%
497 Serperior
36%
496 Servine
36%
397 Staravia
36%
396 Starly
36%
185 Sudowoodo
36%
468 Togekiss
36%
236 Tyrogue
36%
482 Azelf
35%
371 Bagon
35%
488 Cresselia
35%
269 Dustox
35%
102 Exeggcute
35%
792 Lunala
35%
179 Mareep
35%
186 Politoed
35%
730 Primarina
35%
814 Raboot
35%
812 Rillaboom
35%
161 Sentret
35%
215 Sneasel
35%
361 Snorunt
35%
398 Staraptor
35%
201 Unown
35%
480 Uxie
35%
494 Victini
35%
374 Beldum
34%
655 Delphox
34%
362 Glalie
34%
214 Heracross
34%
818 Inteleon
34%
481 Mesprit
34%
407 Roserade
34%
403 Shinx
34%
718 Zygarde
34%
181 Ampharos
33%
400 Bibarel
33%
654 Braixen
33%
406 Budew
33%
652 Chesnaught
33%
349 Feebas
33%
657 Frogadier
33%
478 Froslass
33%
440 Happiny
33%
485 Heatran
33%
264 Linoone
33%
428 Lopunny
33%
405 Luxray
33%
473 Mamoswine
33%
490 Manaphy
33%
350 Milotic
33%
200 Misdreavus
33%
261 Poochyena
33%
464 Rhyperior
33%
315 Roselia
33%
372 Shelgon
33%
238 Smoochum
33%
791 Solgaleo
33%
167 Spinarak
33%
320 Wailmer
33%
321 Wailord
33%
461 Weavile
33%
194 Wooper
33%
168 Ariados
32%
304 Aron
32%
427 Buneary
32%
723 Dartrix
32%
180 Flaaffy
32%
706 Goodra
32%
299 Nosepass
32%
319 Sharpedo
32%
218 Slugma
32%
363 Spheal
32%
202 Wobbuffet
32%
716 Xerneas
32%
359 Absol
31%
184 Azumarill
31%
182 Bellossom
31%
438 Bonsly
31%
355 Duskull
31%
309 Electrike
31%
704 Goomy
31%
430 Honchkrow
31%
229 Houndoom
31%
647 Keldeo
31%
166 Ledian
31%
165 Ledyba
31%
270 Lotad
31%
370 Luvdisc
31%
404 Luxio
31%
183 Marill
31%
262 Mightyena
31%
429 Mismagius
31%
417 Pachirisu
31%
489 Phione
31%
221 Piloswine
31%
195 Quagsire
31%
651 Quilladin
31%
227 Skarmory
31%
300 Skitty
31%
220 Swinub
31%
329 Vibrava
31%
193 Yanma
31%
717 Yveltal
31%
888 Zacian
31%
889 Zamazenta
31%
306 Aggron
30%
334 Altaria
30%
729 Brionne
30%
323 Camerupt
30%
301 Delcatty
30%
356 Dusclops
30%
477 Dusknoir
30%
187 Hoppip
30%
189 Jumpluff
30%
599 Klink
30%
646 Kyurem
30%
463 Lickilicky
30%
272 Ludicolo
30%
303 Mawile
30%
291 Ninjask
30%
322 Numel
30%
274 Nuzleaf
30%
515 Panpour
30%
511 Pansage
30%
432 Purugly
30%
479 Rotom
30%
302 Sableye
30%
364 Sealeo
30%
273 Seedot
30%
336 Seviper
30%
292 Shedinja
30%
333 Swablu
30%
216 Teddiursa
30%
640 Virizion
30%
278 Wingull
30%
469 Yanmega
30%
418 Buizel
29%
412 Burmy
29%
638 Cobalion
29%
408 Cranidos
29%
426 Drifblim
29%
425 Drifloon
29%
587 Emolga
29%
423 Gastrodon
29%
203 Girafarig
29%
645 Landorus
29%
290 Nincada
29%
224 Octillery
29%
513 Pansear
29%
279 Pelipper
29%
231 Phanpy
29%
519 Pidove
29%
204 Pineco
29%
509 Purrloin
29%
516 Simipour
29%
277 Swellow
29%
276 Taillow
29%
217 Ursaring
29%
365 Walrein
29%
360 Wynaut
29%
190 Aipom
28%
610 Axew
28%
298 Azurill
28%
411 Bastiodon
28%
318 Carvanha
28%
170 Chinchou
28%
415 Combee
28%
702 Dedenne
28%
633 Deino
28%
719 Diancie
28%
232 Donphan
28%
206 Dunsparce
28%
661 Fletchling
28%
419 Floatzel
28%
431 Glameow
28%
207 Gligar
28%
472 Gliscor
28%
210 Granbull
28%
228 Houndour
28%
367 Huntail
28%
635 Hydreigon
28%
595 Joltik
28%
305 Lairon
28%
171 Lanturn
28%
345 Lileep
28%
549 Lilligant
28%
506 Lillipup
28%
607 Litwick
28%
271 Lombre
28%
219 Magcargo
28%
310 Manectric
28%
648 Meloetta
28%
808 Meltan
28%
414 Mothim
28%
866 Mr. Rime
28%
177 Natu
28%
211 Qwilfish
28%
409 Rampardos
28%
369 Relicanth
28%
223 Remoraid
28%
524 Roggenrola
28%
627 Rufflet
28%
551 Sandile
28%
422 Shellos
28%
285 Shroomish
28%
512 Simisage
28%
514 Simisear
28%
188 Skiploom
28%
435 Skuntank
28%
289 Slaking
28%
287 Slakoth
28%
235 Smeargle
28%
209 Snubbull
28%
325 Spoink
28%
192 Sunflora
28%
191 Sunkern
28%
663 Talonflame
28%
465 Tangrowth
28%
785 Tapu Koko
28%
639 Terrakion
28%
811 Thwackey
28%
324 Torkoal
28%
641 Tornadus
28%
340 Whiscash
28%
178 Xatu
28%
562 Yamask
28%
335 Zangoose
28%
570 Zorua
28%
460 Abomasnow
27%
348 Armaldo
27%
531 Audino
27%
525 Boldore
27%
628 Braviary
27%
286 Breloom
27%
794 Buzzwole
27%
358 Chimecho
27%
366 Clamperl
27%
789 Cosmog
27%
346 Cradily
27%
817 Drizzile
27%
580 Ducklett
27%
890 Eternatus
27%
662 Fletchinder
27%
649 Genesect
27%
720 Hoopa
27%
667 Litleo
27%
294 Loudred
27%
745 Lycanroc
27%
517 Munna
27%
518 Musharna
27%
862 Obstagoon
27%
674 Pancham
27%
476 Probopass
27%
895 Regidrago
27%
410 Shieldon
27%
459 Snover
27%
338 Solrock
27%
327 Spinda
27%
442 Spiritomb
27%
234 Stantler
27%
508 Stoutland
27%
581 Swanna
27%
786 Tapu Lele
27%
357 Tropius
27%
568 Trubbish
27%
521 Unfezant
27%
634 Zweilous
27%
424 Ambipom
26%
347 Anorith
26%
354 Banette
26%
614 Beartic
26%
659 Bunnelby
26%
351 Castform
26%
609 Chandelure
26%
441 Chatot
26%
433 Chingling
26%
341 Corphish
26%
222 Corsola
26%
342 Crawdaunt
26%
585 Deerling
26%
225 Delibird
26%
621 Druddigon
26%
295 Exploud
26%
205 Forretress
26%
526 Gigalith
26%
368 Gorebyss
26%
326 Grumpig
26%
316 Gulpin
26%
297 Hariyama
26%
612 Haxorus
26%
631 Heatmor
26%
507 Herdier
26%
352 Kecleon
26%
600 Klang
26%
601 Klinklang
26%
553 Krookodile
26%
510 Liepard
26%
337 Lunatone
26%
226 Mantine
26%
308 Medicham
26%
809 Melmetal
26%
778 Mimikyu
26%
504 Patrat
26%
548 Petilil
26%
744 Rockruff
26%
539 Sawk
26%
540 Sewaddle
26%
275 Shiftry
26%
213 Shuckle
26%
353 Shuppet
26%
865 Sirfetch'd
26%
451 Skorupi
26%
705 Sliggoo
26%
434 Stunky
26%
283 Surskit
26%
532 Timburr
26%
777 Togedemaru
26%
520 Tranquill
26%
416 Vespiquen
26%
288 Vigoroth
26%
721 Volcanion
26%
413 Wormadam
26%
835 Yamper
26%
523 Zebstrika
26%
571 Zoroark
26%
681 Aegislash
25%
836 Boltund
25%
436 Bronzor
25%
331 Cacnea
25%
790 Cosmoem
25%
613 Cubchoo
25%
452 Drapion
25%
632 Durant
25%
669 Flabébé
25%
574 Gothita
25%
707 Klefki
25%
296 Makuhita
25%
630 Mandibuzz
25%
307 Meditite
25%
800 Necrozma
25%
668 Pyroar
25%
642 Thundurus
25%
697 Tyrantrum
25%
696 Tyrunt
25%
892 Urshifu
25%
637 Volcarona
25%
629 Vullaby
25%
505 Watchog
25%
293 Whismur
25%
831 Wooloo
25%
594 Alomomola
24%
625 Bisharp
24%
332 Cacturne
24%
703 Carbink
24%
455 Carnivine
24%
823 Corviknight
24%
453 Croagunk
24%
456 Finneon
24%
670 Floette
24%
671 Florges
24%
611 Fraxure
24%
596 Galvantula
24%
799 Guzzlord
24%
798 Kartana
24%
401 Kricketot
24%
402 Kricketune
24%
552 Krokorok
24%
891 Kubfu
24%
608 Lampent
24%
636 Larvesta
24%
542 Leavanny
24%
457 Lumineon
24%
458 Mantyke
24%
284 Masquerain
24%
793 Nihilego
24%
714 Noibat
24%
715 Noivern
24%
675 Pangoro
24%
795 Pheromosa
24%
731 Pikipek
24%
803 Poipole
24%
894 Regieleki
24%
664 Scatterbug
24%
559 Scraggy
24%
805 Stakataka
24%
317 Swalot
24%
787 Tapu Bulu
24%
788 Tapu Fini
24%
538 Throh
24%
733 Toucannon
24%
454 Toxicroak
24%
772 Type: Null
24%
582 Vanillite
24%
543 Venipede
24%
313 Volbeat
24%
544 Whirlipede
24%
807 Zeraora
24%
566 Archen
23%
699 Aurorus
23%
713 Avalugg
23%
343 Baltoy
23%
339 Barboach
23%
522 Blitzle
23%
626 Bouffalant
23%
437 Bronzong
23%
797 Celesteela
23%
737 Charjabug
23%
344 Claydol
23%
534 Conkeldurr
23%
546 Cottonee
23%
554 Darumaka
23%
660 Diggersby
23%
680 Doublade
23%
677 Espurr
23%
576 Gothitelle
23%
575 Gothorita
23%
679 Honedge
23%
314 Illumise
23%
802 Marshadow
23%
678 Meowstic
23%
624 Pawniard
23%
758 Salazzle
23%
545 Scolipede
23%
616 Shelmet
23%
872 Snom
23%
665 Spewpa
23%
618 Stunfisk
23%
684 Swirlix
23%
602 Tynamo
23%
583 Vanillish
23%
584 Vanilluxe
23%
666 Vivillon
23%
547 Whimsicott
23%
698 Amaura
22%
591 Amoonguss
22%
567 Archeops
22%
683 Aromatisse
22%
550 Basculin
22%
806 Blacephalon
22%
565 Carracosta
22%
420 Cherubi
22%
563 Cofagrigus
22%
822 Corvisquire
22%
555 Darmanitan
22%
887 Dragapult
22%
529 Drilbur
22%
578 Duosion
22%
530 Excadrill
22%
598 Ferrothorn
22%
676 Furfrou
22%
569 Garbodor
22%
673 Gogoat
22%
622 Golett
22%
623 Golurk
22%
736 Grubbin
22%
533 Gurdurr
22%
701 Hawlucha
22%
449 Hippopotas
22%
450 Hippowdon
22%
588 Karrablast
22%
801 Magearna
22%
556 Maractus
22%
619 Mienfoo
22%
572 Minccino
22%
804 Naganadel
22%
765 Oranguru
22%
863 Perrserker
22%
708 Phantump
22%
710 Pumpkaboo
22%
821 Rookidee
22%
757 Salandit
22%
586 Sawsbuck
22%
773 Silvally
22%
685 Slurpuff
22%
577 Solosis
22%
682 Spritzee
22%
541 Swadloon
22%
535 Tympole
22%
527 Woobat
22%
617 Accelgor
21%
712 Bergmite
21%
824 Blipbug
21%
761 Bounsweet
21%
898 Calyrex
21%
421 Cherrim
21%
615 Cryogonal
21%
751 Dewpider
21%
603 Eelektrik
21%
604 Eelektross
21%
605 Elgyem
21%
589 Escavalier
21%
597 Ferroseed
21%
590 Foongus
21%
592 Frillish
21%
686 Inkay
21%
784 Kommo-o
21%
620 Mienshao
21%
826 Orbeetle
21%
536 Palpitoad
21%
579 Reuniclus
21%
837 Rolycoly
21%
537 Seismitoad
21%
528 Swoobat
21%
732 Trumbeak
21%
796 Xurkitree
21%
893 Zarude
21%
606 Beheeyem
20%
760 Bewear
20%
779 Bruxish
20%
833 Chewtle
20%
573 Cinccino
20%
692 Clauncher
20%
764 Comfey
20%
558 Crustle
20%
864 Cursola
20%
742 Cutiefly
20%
825 Dottler
20%
882 Dracovish
20%
780 Drampa
20%
885 Dreepy
20%
832 Dubwool
20%
557 Dwebble
20%
753 Fomantis
20%
873 Frosmoth
20%
861 Grimmsnarl
20%
735 Gumshoos
20%
694 Helioptile
20%
754 Lurantis
20%
687 Malamar
20%
877 Morpeko
20%
749 Mudbray
20%
750 Mudsdale
20%
827 Nickit
20%
741 Oricorio
20%
771 Pyukumuku
20%
844 Sandaconda
20%
560 Scrafty
20%
672 Skiddo
20%
819 Skwovet
20%
897 Spectrier
20%
762 Steenee
20%
564 Tirtouga
20%
848 Toxel
20%
709 Trevenant
20%
763 Tsareena
20%
738 Vikavolt
20%
883 Arctovish
19%
881 Arctozolt
19%
838 Carkol
19%
693 Clawitzer
19%
839 Coalossal
19%
879 Copperajah
19%
740 Crabominable
19%
739 Crabrawler
19%
878 Cufant
19%
880 Dracozolt
19%
834 Drednaw
19%
870 Falinks
19%
841 Flapple
19%
896 Glastrier
19%
768 Golisopod
19%
711 Gourgeist
19%
820 Greedent
19%
783 Hakamo-o
19%
858 Hatterene
19%
695 Heliolisk
19%
859 Impidimp
19%
782 Jangmo-o
19%
593 Jellicent
19%
766 Passimian
19%
743 Ribombee
19%
756 Shiinotic
19%
561 Sigilyph
19%
854 Sinistea
19%
850 Sizzlipede
19%
690 Skrelp
19%
759 Stufful
19%
849 Toxtricity
19%
767 Wimpod
19%
746 Wishiwashi
19%
734 Yungoos
19%
869 Alcremie
18%
840 Applin
18%
752 Araquanid
18%
691 Dragalge
18%
886 Drakloak
18%
775 Komala
18%
747 Mareanie
18%
776 Turtonator
18%
842 Appletun
17%
688 Binacle
17%
851 Centiskorch
17%
781 Dhelmise
17%
884 Duraludon
17%
875 Eiscue
17%
830 Eldegoss
17%
857 Hattrem
17%
876 Indeedee
17%
868 Milcery
17%
755 Morelull
17%
860 Morgrem
17%
855 Polteageist
17%
867 Runerigus
17%
843 Silicobra
17%
828 Thievul
17%
748 Toxapex
17%
689 Barbaracle
16%
847 Barraskewda
16%
852 Clobbopus
16%
829 Gossifleur
16%
853 Grapploct
16%
774 Minior
16%
770 Palossand
16%
769 Sandygast
16%
846 Arrokuda
15%
856 Hatenna
15%
871 Pincurchin
15%
845 Cramorant
14%
874 Stonjourner
14%
No matching quizzes found
Score Distribution
Percent of People with Each Score
Percentile by Number Answered
Your Score History
You have not taken this quiz since the last reset